000 00727nam a2200193Ii 4500
003 JO-AjNU
008 230605s9999||||xx |||||||||||||| ||und||
040 _aJO-AjNU
_bara
_erda
_cJO-AjNU
041 _aara
050 1 4 _aBP173.755.A22
100 3 _aأحمد، عبد الرحمن يسري,
_eauthor
_941233
245 0 0 _aالتنمية الإقتصادية والإجتماعية في الإسلام
264 3 1 _aالاسكندرية: مؤسسة شباب الجامعة، د.ت
300 _a126ص
336 _atext
_btxt
_2rdacontent
337 _aunmediated
_bn
_2rdamedia
338 _avolume
_bnc
_2rdacarrier
650 4 _aالاسلام والاقتصاد- الاسلام والتنمية الاجتماعية
_941234
999 _aA17563
_c21131
_d21131